000 00436nam a2200193Ia 4500
005 20250603144756.0
008 250603s9999 xx 000 0 und d
020 _a0024154512
050 _aTK 5105 .S73/
100 _aWilliam Stallings
245 0 _aData and computer communications
250 _a2nd
260 _aNew York
260 _bMacmillan
260 _c1988
300 _a653 p
650 _aNew York
942 _cBK
999 _c39913
_d39913